00614nmm a2200181Ia 4500008004100000020001800041041000800059100003100067245007200098264006600170300001800236650003000254700003100284700004200315856005100357942000700408999001700415251105s9999||||xx |||||||||||||||||und|| a9788491802921 aspa ade Sousa Guerreiro, João 0aBibliotecas ciudadanas :b Espacios de desarrollo y participación a[Madrid, España] :bUniversitat Oberta de Catalunya, c2018 a114 páginas aSocial Sciences (General) ade Sousa Guerreiro, João1 a Domínguez Sanjurjo, María Ramona uhttps://public.digitaliapublishing.com/a/61681 cCF c64596d64596